[Event "SV Tuebingen-VfL Sindelfingen"]
[Site "?"]
[Date "2002.12.16"]
[Round "4.5"]
[White "Kotlyar, Dimitri"]
[Black "Schmidt, Olaf"]
[Result "0-1"]
[WhiteElo "2090"]
[BlackElo "2099"]
[PlyCount "106"]
[EventDate "2002.??.??"]

1. e4 g6 2. d4 Bg7 3. Nc3 d6 4. Be3 a6 5. a4 b6 6. Qd2 Bb7 7. f3 e6 8. Bd3 Nc6
9. Nge2 Nf6 10. O-O-O Nb4 11. Bc4 d5 12. Bb3 dxe4 13. fxe4 Ng4 14. Bg5 Qxg5 15.
Qxg5 Bh6 16. Qxh6 Nxh6 17. h3 O-O-O 18. g4 Rhe8 19. g5 Nf5 20. exf5 Bxh1 21.
Rxh1 gxf5 22. Rd1 h6 23. g6 fxg6 24. Nf4 g5 25. Nxe6 Rd7 26. d5 c6 27. dxc6
Nxc6 28. Nd5 Kb7 29. Nf6 Rxd1+ 30. Kxd1 Re7 31. Bd5 Ka7 32. c3 Ne5 33. Ke2 a5
34. Kf1 Kb8 35. Nd4 f4 36. Nf5 Rc7 37. Nxh6 Nd3 38. Nf7 Nxb2 39. Ne4 Nd1 40. c4
Ne3+ 41. Kf2 Nxd5 42. Nfd6 Ne3 43. Nxg5 Nxc4 44. Nb5 Rc5 45. Ne6 Rf5 46. h4 Rh5
47. Nxf4 Rxh4 48. Nd5 Kb7 49. Kg3 Rh1 50. Ndc3 Ra1 51. Nd4 Ra3 52. Ndb5 Ra1 53.
Nd4 Nb2 0-1

[Event "SV Tuebingen-VfL Sindelfingen"]
[Site "?"]
[Date "2002.12.16"]
[Round "4.6"]
[White "Trettin, Ulrich"]
[Black "Weisenburger, Thomas"]
[Result "1/2-1/2"]
[WhiteElo "2040"]
[BlackElo "2053"]
[PlyCount "29"]
[EventDate "2002.??.??"]

1. d4 f5 2. g3 g6 3. Bg2 Nf6 4. Nf3 Bg7 5. O-O O-O 6. c4 d6 7. Nc3 Qe8 8. b3 e5
9. dxe5 dxe5 10. e4 Nc6 11. exf5 e4 12. Ng5 gxf5 13. Ba3 Ne7 14. Nh3 c6 15. Nf4
1/2-1/2

[Event "SV Tuebingen-VfL Sindelfingen"]
[Site "?"]
[Date "2002.12.16"]
[Round "4.7"]
[White "Cieza, Arcadio"]
[Black "Moser, Gotthard"]
[Result "1-0"]
[WhiteElo "2206"]
[BlackElo "2030"]
[PlyCount "63"]
[EventDate "2002.??.??"]

1. e4 Nc6 2. d4 e5 3. d5 Nce7 4. Bg5 f6 5. Be3 Ng6 6. h4 Bb4+ 7. c3 Ba5 8. h5
Nf8 9. Nd2 Bb6 10. Nc4 Bxe3 11. Nxe3 d6 12. Bb5+ Bd7 13. Qg4 Kf7 14. Bxd7 Qxd7
15. Nf5 g6 16. hxg6+ Nxg6 17. Ne2 Qa4 18. b3 Qa3 19. Ne3 Re8 20. Nc4 Qa6 21. g3
Kg7 22. Qh5 b5 23. Ne3 Qa3 24. Nc2 Qc5 25. a4 Ra8 26. Ne3 N8e7 27. b4 Qb6 28.
a5 Qb7 29. f4 Rag8 30. f5 Nf8 31. Ng4 Nd7 32. Nh6 1-0

[Event "SV Tuebingen-VfL Sindelfingen"]
[Site "?"]
[Date "2002.12.16"]
[Round "4.8"]
[White "Koppenhoefer, Bernhard"]
[Black "Weisenburger, Horst"]
[Result "1/2-1/2"]
[WhiteElo "2008"]
[BlackElo "2003"]
[PlyCount "33"]
[EventDate "2002.??.??"]

1. d4 f5 2. Nf3 g6 3. g3 Bg7 4. Bg2 Nf6 5. O-O O-O 6. c4 d6 7. Nc3 Qe8 8. Qb3
Kh8 9. Nd5 Na6 10. Nxf6 Rxf6 11. Bg5 Rf7 12. Bf4 h6 13. h4 Kh7 14. Be3 e5 15.
dxe5 dxe5 16. Rad1 c6 17. Rfe1 1/2-1/2

[Event "VfL Sindelfingen-SV Wolfbusch"]
[Site "?"]
[Date "2003.01.26"]
[Round "5.1"]
[White "Leyrer, Achim"]
[Black "Estrada Nieto, Julian"]
[Result "0-1"]
[WhiteElo "2206"]
[BlackElo "2316"]
[PlyCount "74"]
[EventDate "2003.??.??"]

1. e4 e5 2. Nf3 Nc6 3. Bb5 a6 4. Ba4 Nf6 5. O-O Be7 6. Re1 b5 7. Bb3 d6 8. c3
O-O 9. h3 Na5 10. Bc2 c5 11. d4 Qc7 12. Nbd2 Rd8 13. b3 Bd7 14. Nf1 Rac8 15.
Ne3 g6 16. Bb2 Bf8 17. Qe2 Bh6 18. dxe5 dxe5 19. Rad1 Be6 20. Bc1 Bg7 21. Ng5
Bd7 22. Ba3 h6 23. Nf3 Be6 24. Nh2 c4 25. b4 Nc6 26. Bc1 a5 27. a3 axb4 28.
axb4 Nh5 29. Nd5 Bxd5 30. exd5 Ne7 31. Ng4 Nxd5 32. Qf3 Ndf4 33. h4 f5 34. Ne3
e4 35. Bxe4 fxe4 36. Qxe4 Re8 37. Qf3 Qc6 0-1

[Event "VfL Sindelfingen-SV Wolfbusch"]
[Site "?"]
[Date "2003.01.26"]
[Round "5.2"]
[White "Weigand, Bernhard"]
[Black "Haecker, Johannes"]
[Result "1-0"]
[WhiteElo "2285"]
[BlackElo "2166"]
[PlyCount "99"]
[EventDate "2003.??.??"]

1. e4 c6 2. d4 d5 3. e5 e6 4. c3 c5 5. Nf3 Nc6 6. Bd3 Qb6 7. O-O Bd7 8. dxc5
Bxc5 9. b4 Bf8 10. Re1 Nge7 11. a3 Ng6 12. h4 Qc7 13. Qe2 Be7 14. h5 Nh4 15.
Nxh4 Bxh4 16. g3 Be7 17. Bf4 g5 18. hxg6 hxg6 19. Qe3 O-O-O 20. Nd2 Kb8 21. Nf3
Rh5 22. Bf1 Rdh8 23. Bg2 Qd8 24. g4 R5h7 25. Ng5 Rg7 26. c4 dxc4 27. Rac1 Rh4
28. Rxc4 Rxg4 29. Ne4 Rh7 30. Rd1 Qe8 31. b5 g5 32. Bg3 Rxg3 33. Qxg3 Na5 34.
Rcd4 Bc8 35. a4 Qh8 36. Nf6 Rh4 37. Qxg5 Rxd4 38. Rxd4 Nb3 39. Rc4 Qd8 40. Qe3
Qd1+ 41. Kh2 Qa1 42. Ng8 Na5 43. Rxc8+ Kxc8 44. Nxe7+ Kd7 45. Qc5 Qxa4 46. Ng8
Qf4+ 47. Kg1 Nc4 48. Qe7+ Kc8 49. Qxb7+ Kd8 50. Qb8+ 1-0

[Event "VfL Sindelfingen-SV Wolfbusch"]
[Site "?"]
[Date "2003.01.26"]
[Round "5.3"]
[White "Hering, Frank"]
[Black "Igney, Volkhard"]
[Result "1/2-1/2"]
[WhiteElo "2120"]
[BlackElo "2193"]
[PlyCount "31"]
[EventDate "2003.??.??"]

1. d4 d5 2. Bg5 Nf6 3. Bxf6 exf6 4. e3 Bd6 5. Bd3 O-O 6. Nf3 Be6 7. Nbd2 c6 8.
O-O Nd7 9. c4 f5 10. Qc2 g6 11. c5 Bc7 12. b4 f4 13. Rfe1 fxe3 14. Rxe3 Bf4 15.
Re2 Re8 16. Rae1 1/2-1/2

[Event "VfL Sindelfingen-SV Wolfbusch"]
[Site "?"]
[Date "2003.01.26"]
[Round "5.4"]
[White "Carstens, Andreas"]
[Black "Flachsbart, Alexander"]
[Result "1-0"]
[WhiteElo "2167"]
[BlackElo "2055"]
[PlyCount "33"]
[EventDate "2003.??.??"]

1. e4 c5 2. Nf3 d6 3. d4 cxd4 4. Nxd4 Nf6 5. Nc3 g6 6. Be3 Bg7 7. Be2 O-O 8.
O-O Nc6 9. Nb3 Be6 10. f4 Na5 11. Nd4 Bc4 12. Bd3 a6 13. h3 Rc8 14. Rc1 d5 15.
e5 Ne4 16. Nce2 Nc5 17. b4 1-0

[Event "VfL Sindelfingen-SV Wolfbusch"]
[Site "?"]
[Date "2003.01.26"]
[Round "5.5"]
[White "Huettig, Michael"]
[Black "Fahnenschmidt, Gerhard"]
[Result "1-0"]
[WhiteElo "2061"]
[BlackElo "2101"]
[PlyCount "213"]
[EventDate "2003.??.??"]

1. a3 c5 2. Nf3 Nc6 3. g3 e5 4. d3 d5 5. Bg2 Be7 6. c4 dxc4 7. Qa4 Bd7 8. Qxc4
Nf6 9. O-O O-O 10. Be3 Rc8 11. Nbd2 Nd4 12. Bxd4 cxd4 13. Qb3 Be6 14. Qa4 Nd7
15. b4 Nb6 16. Qa5 f6 17. Rfc1 Rxc1+ 18. Rxc1 Qb8 19. h4 Rd8 20. Ne4 Nd5 21.
Nfd2 f5 22. Ng5 Bxg5 23. hxg5 Nc3 24. Kf1 Bd5 25. Qc5 Bxg2+ 26. Kxg2 b6 27.
Qc4+ Kh8 28. Nf3 Nxe2 29. Rh1 Qb7 30. g6 h6 31. Qf7 Qxf7 32. gxf7 e4 33. Ne5
Kh7 34. Nd7 exd3 35. f8=Q Rxf8 36. Nxf8+ Kg8 37. Rd1 Kxf8 38. Rxd3 Ke7 39. Kf3
Ng1+ 40. Kg2 Ne2 41. Rd2 Nc3 42. Rxd4 Ke6 43. Rd3 Nd5 44. f4 g5 45. Kf3 g4+ 46.
Kf2 h5 47. Rd4 Nc3 48. Rd8 Ne4+ 49. Kg2 Nd6 50. Ra8 Kd5 51. Rxa7 Kc4 52. Rd7
Nb5 53. Rb7 Nxa3 54. Rxb6 Nb5 55. Rh6 Kxb4 56. Rxh5 Nd4 57. Kf2 Kc3 58. Rh7 Kd2
59. Re7 Kd3 60. Re5 Kd2 61. Re7 Kd3 62. Ke1 Nc2+ 63. Kf1 Ne3+ 64. Kf2 Nd1+ 65.
Ke1 Ne3 66. Rd7+ Ke4 67. Ke2 Nd5 68. Rd6 Nc3+ 69. Kd2 Nb1+ 70. Ke1 Nc3 71. Rd8
Ke3 72. Kf1 Nb5 73. Ra8 Kf3 74. Ra5 Nd4 75. Ra3+ Ke4 76. Kf2 Nc2 77. Rc3 Nd4
78. Re3+ Kd5 79. Re8 Kc4 80. Ke3 Nc2+ 81. Kd2 Nd4 82. Rc8+ Kd5 83. Kd3 Ne6 84.
Ke3 Kd6 85. Rh8 Kd5 86. Rh7 Nc5 87. Re7 Ne6 88. Rf7 Kc4 89. Rxf5 Nd4 90. Rg5
Nc2+ 91. Ke4 Nb4 92. Rxg4 Nd3 93. Rg5 Nf2+ 94. Kf3 Nd3 95. f5 Kd5 96. g4 Ne5+
97. Kg3 Kd6 98. Rg7 Nc4 99. Ra7 Ke5 100. Ra6 Nd2 101. Re6+ Kd5 102. Kf4 Nc4
103. g5 Nb2 104. g6 Nd3+ 105. Kg5 Nc5 106. g7 Nxe6+ 107. fxe6 1-0

[Event "VfL Sindelfingen-SV Wolfbusch"]
[Site "?"]
[Date "2003.01.26"]
[Round "5.6"]
[White "Kotlyar, Dimitri"]
[Black "Erben, Wolfgang"]
[Result "1-0"]
[WhiteElo "2090"]
[BlackElo "2054"]
[PlyCount "95"]
[EventDate "2003.??.??"]

1. e4 g6 2. d4 Bg7 3. Nc3 d6 4. Be3 c6 5. Qd2 b5 6. Bd3 a5 7. Nf3 Ba6 8. O-O
Qc8 9. e5 d5 10. a3 Nd7 11. Ne2 Qc7 12. Nf4 Nf8 13. b3 e6 14. Rfc1 Ne7 15. c4
bxc4 16. bxc4 dxc4 17. Bxc4 Bxc4 18. Rxc4 Nd7 19. Ng5 Qb7 20. Ne4 O-O 21. Nd6
Qa6 22. Nd3 Rfb8 23. Rac1 Bf8 24. Bg5 Rb6 25. Qf4 Nf5 26. Nc5 Nxc5 27. dxc5 Rb3
28. g4 Nxd6 29. cxd6 h6 30. Bxh6 Bxh6 31. Qxh6 Rb1 32. Rxb1 Qxc4 33. Qg5 Qd3
34. Rb7 Qd1+ 35. Kg2 c5 36. Qf4 Rf8 37. Rc7 Qd5+ 38. f3 Kg7 39. Qf6+ Kg8 40.
Qf4 Qd3 41. Kg3 Qxa3 42. Kh4 Qc3 43. Kg5 a4 44. h4 Qd3 45. Qf6 Kh7 46. Rxf7+
Rxf7 47. Qxf7+ Kh8 48. Kh6 1-0

[Event "VfL Sindelfingen-SV Wolfbusch"]
[Site "?"]
[Date "2003.01.26"]
[Round "5.7"]
[White "Hankel, Dennis"]
[Black "Weisenburger, Thomas"]
[Result "1/2-1/2"]
[WhiteElo "2094"]
[BlackElo "2053"]
[PlyCount "106"]
[EventDate "2003.??.??"]

1. e4 c5 2. Nf3 d6 3. d4 cxd4 4. Nxd4 Nf6 5. Nc3 a6 6. f4 e6 7. Be2 Be7 8. O-O
O-O 9. Be3 Nc6 10. Bf3 Qc7 11. Qe1 Bd7 12. a4 Rac8 13. Nb3 b6 14. Rd1 Nb4 15.
Qf2 Bd8 16. Rd2 Bc6 17. Rd4 a5 18. Rfd1 d5 19. e5 Nd7 20. R4d2 Nxc2 21. Rxc2
Bxa4 22. Nxa4 Qxc2 23. Qxc2 Rxc2 24. Nd4 Rc4 25. b3 Rc8 26. Nb5 Be7 27. Be2 Rc6
28. Nd4 Rc7 29. Bb5 Bc5 30. Bxd7 Rxd7 31. Nxc5 bxc5 32. Nc6 Rc7 33. Nxa5 Ra8
34. Bd2 Rca7 35. Rc1 Rxa5 36. Bxa5 Rxa5 37. b4 Rb5 38. bxc5 Kf8 39. c6 Rb8 40.
Kf2 Ke7 41. Ke3 Rb3+ 42. Kd4 Kd8 43. Ra1 Kc7 44. Ra7+ Kxc6 45. Rxf7 Rb4+ 46.
Ke3 Rb7 47. Rf8 Kd7 48. g4 Ke7 49. Rh8 h6 50. f5 Rc7 51. Kd3 Rc4 52. h3 exf5
53. gxf5 Re4 1/2-1/2

[Event "VfL Sindelfingen-SV Wolfbusch"]
[Site "?"]
[Date "2003.01.26"]
[Round "5.8"]
[White "Cieza, Arcadio"]
[Black "Haecker, Alexander"]
[Result "0-1"]
[WhiteElo "2206"]
[BlackElo "2114"]
[PlyCount "112"]
[EventDate "2003.??.??"]

1. e4 e6 2. Qe2 c5 3. g3 Nc6 4. Nf3 Be7 5. h4 d5 6. d3 Nf6 7. e5 Nd7 8. Bg2 O-O
9. O-O b5 10. Bf4 Qb6 11. Re1 c4 12. Nbd2 Ba6 13. Bf1 Rac8 14. a3 Nc5 15. Be3
Qc7 16. Bxc5 Bxc5 17. Ng5 Bd4 18. Nxh7 Kxh7 19. Qh5+ Kg8 20. Nf3 Rfe8 21. c3 g6
22. Qg5 Bc5 23. h5 Qd8 24. Qg4 Ne7 25. d4 Bb6 26. Be2 Kg7 27. Kg2 Rh8 28. Rh1
Qg8 29. h6+ Kf8 30. Ng5 Nf5 31. h7 Qg7 32. Rh3 Ke8 33. Rah1 Kd7 34. Qf4 Bd8 35.
g4 Bxg5 36. Qxg5 Ne7 37. Bd1 Rce8 38. Bc2 Kc7 39. f4 Bc8 40. Qf6 Qf8 41. Rh6
Bd7 42. R1h3 Rb8 43. Kg3 a5 44. f5 exf5 45. Qd6+ Kc8 46. Qa6+ Kd8 47. Qxa5+ Ke8
48. gxf5 Bxf5 49. Bxf5 Nxf5+ 50. Kf3 Qe7 51. Qa6 Nxh6 52. Rxh6 Kf8 53. Ke2 Kg7
54. Rh2 Rxh7 55. Rf2 Qe6 56. Rf6 Qg4+ 0-1

[Event "Stuttgarter SF II-SV Tuebingen"]
[Site "?"]
[Date "2003.01.26"]
[Round "5.1"]
[White "Roth, Juergen"]
[Black "Migl, Dieter"]
[Result "1-0"]
[WhiteElo "2254"]
[BlackElo "2208"]
[PlyCount "67"]
[EventDate "2003.??.??"]

1. Nf3 d5 2. b3 Nf6 3. Bb2 e6 4. e3 Be7 5. d4 c5 6. Bd3 Nc6 7. O-O Qc7 8. Nbd2
cxd4 9. Nxd4 O-O 10. c4 Bd7 11. Rc1 Rac8 12. cxd5 exd5 13. Nf5 Bxf5 14. Bxf5
Rcd8 15. Nf3 Qa5 16. Bb1 Ne4 17. Qe2 Bf6 18. Bxf6 Nxf6 19. Qb2 Rc8 20. Rfd1 Qb6
21. Bf5 Rcd8 22. Nd4 Nxd4 23. Qxd4 Qa5 24. a4 Rfe8 25. Rc5 Qb6 26. a5 Qxb3 27.
Bc2 Qa3 28. Ra1 Qxc5 29. Qxc5 Rc8 30. Qxa7 Rxc2 31. Qxb7 Rec8 32. h3 g5 33. a6
g4 34. a7 1-0

[Event "Stuttgarter SF II-SV Tuebingen"]
[Site "?"]
[Date "2003.01.26"]
[Round "5.2"]
[White "Gabriel, Robert"]
[Black "Frick, Christoph"]
[Result "1/2-1/2"]
[WhiteElo "2153"]
[BlackElo "2193"]
[PlyCount "68"]
[EventDate "2003.??.??"]

1. d4 d6 2. c4 g6 3. Nc3 Bg7 4. e4 Nc6 5. Be3 e5 6. dxe5 Nxe5 7. Be2 Nf6 8. f4
Nc6 9. Bf3 O-O 10. Nge2 Re8 11. O-O Ng4 12. Bxg4 Bxg4 13. f5 Bxc3 14. bxc3 Rxe4
15. fxg6 hxg6 16. Ng3 Bxd1 17. Nxe4 Be2 18. Rf2 Bxc4 19. Bg5 Qc8 20. Rf4 Ne5
21. Nf6+ Kf8 22. Re1 Qe6 23. Re3 Ke7 24. h4 b5 25. Rd4 Bxa2 26. Nd5+ Kd7 27.
Nf4 Qf5 28. Ne2 Qb1+ 29. Kh2 Ng4+ 30. Rxg4 Be6 31. Rb4 Qf1 32. Ng3 Qf2 33. Rxb5
f6 34. Ne4 Qf1 1/2-1/2

[Event "Stuttgarter SF II-SV Tuebingen"]
[Site "?"]
[Date "2003.01.26"]
[Round "5.3"]
[White "Khadempour, Farhad"]
[Black "Haas, Wilhelm"]
[Result "1-0"]
[WhiteElo "2168"]
[BlackElo "2113"]
[PlyCount "83"]
[EventDate "2003.??.??"]

1. c4 Nf6 2. Nc3 g6 3. e4 d6 4. g3 Bg7 5. Bg2 e5 6. Nge2 O-O 7. O-O Be6 8. d3
Qc8 9. f4 c6 10. b3 Rd8 11. Bb2 Na6 12. Qd2 Rb8 13. d4 exd4 14. Nxd4 Bh3 15.
Rad1 Bxg2 16. Kxg2 Nc5 17. Rfe1 a5 18. a3 Re8 19. Qc2 h5 20. Nf3 Qc7 21. b4
axb4 22. axb4 Na6 23. b5 Nc5 24. Ba3 b6 25. h3 Rbd8 26. e5 dxe5 27. Nxe5 cxb5
28. Nxb5 Qb7+ 29. Kh2 Rxd1 30. Qxd1 Rf8 31. Nd6 Qa8 32. Re3 Ne8 33. Ndxf7 Rxf7
34. Nxf7 Kxf7 35. Bxc5 Qa2+ 36. Re2 Qxe2+ 37. Qxe2 bxc5 38. f5 gxf5 39. Qxh5+
Ke7 40. Qxf5 Bd4 41. h4 Nd6 42. Qg5+ 1-0

[Event "Stuttgarter SF II-SV Tuebingen"]
[Site "?"]
[Date "2003.01.26"]
[Round "5.4"]
[White "Fritsch, Rolf"]
[Black "Weber, Klaus"]
[Result "0-1"]
[WhiteElo "2256"]
[BlackElo "2138"]
[PlyCount "80"]
[EventDate "2003.??.??"]

1. d4 c5 2. d5 Nf6 3. c4 b5 4. cxb5 a6 5. e3 axb5 6. Bxb5 Qb6 7. Nc3 g6 8. Nge2
Bg7 9. O-O O-O 10. a4 d6 11. e4 Ba6 12. Bf4 Ne8 13. Bg5 Bf6 14. Bh6 Bg7 15.
Bxg7 Kxg7 16. Rb1 Bxb5 17. Nxb5 Qa5 18. b3 Nf6 19. Ng3 Nbd7 20. f4 Qb4 21. Re1
Rfc8 22. e5 Ng8 23. exd6 exd6 24. Ne4 Rd8 25. g3 Ndf6 26. Nbxd6 Ra6 27. Nc4
Rxd5 28. Qc2 Re6 29. Nc3 Rxe1+ 30. Rxe1 Rd4 31. Re2 Nh6 32. Nb5 Nf5 33. Qb2
Rd1+ 34. Kf2 Nd4 35. Nxd4 cxd4 36. h3 Qb7 37. Nd2 Qh1 38. a5 Qg1+ 39. Kf3 Nh5
40. Rg2 Qe3+ 0-1

[Event "Stuttgarter SF II-SV Tuebingen"]
[Site "?"]
[Date "2003.01.26"]
[Round "5.5"]
[White "Trettin, Ulrich"]
[Black "Schwarzburger, Lothar"]
[Result "1/2-1/2"]
[WhiteElo "2040"]
[BlackElo "2173"]
[PlyCount "25"]
[EventDate "2003.??.??"]

1. d4 f5 2. g3 Nf6 3. Bg2 e6 4. Nf3 d5 5. O-O c6 6. c4 Bd6 7. b3 O-O 8. Ba3
Bxa3 9. Nxa3 Qe7 10. Nb1 Nbd7 11. Nc3 Ne4 12. Qc2 g5 13. Ne5 1/2-1/2

[Event "Stuttgarter SF II-SV Tuebingen"]
[Site "?"]
[Date "2003.01.26"]
[Round "5.6"]
[White "Gabriel, Josef"]
[Black "Moser, Gotthard"]
[Result "0-1"]
[WhiteElo "2080"]
[BlackElo "2030"]
[PlyCount "72"]
[EventDate "2003.??.??"]

1. c4 Nc6 2. Nc3 Nf6 3. g3 e5 4. Bg2 Bb4 5. Nf3 Bxc3 6. dxc3 Qe7 7. Qc2 d6 8.
e4 O-O 9. O-O Ne8 10. Nh4 Be6 11. b3 Qd7 12. Rd1 b6 13. Nf5 Ne7 14. g4 Kh8 15.
f4 Ng6 16. fxe5 Nxe5 17. h3 Nf6 18. Bf4 Qc6 19. Qf2 Rae8 20. Nxg7 Kxg7 21. Bh6+
Kg6 22. Qf4 Qc5+ 23. Rd4 Nexg4 24. hxg4 Rg8 25. g5 Ng4 26. e5 dxe5 27. Be4+ f5
28. Qxg4 exd4 29. Bd3 dxc3+ 30. Kg2 Bd7 31. Rf1 Re3 32. Bb1 Rge8 33. b4 Re2+
34. Kh3 R8e3+ 35. Rf3 Rxf3+ 36. Qxf3 Qe5 0-1

[Event "Stuttgarter SF II-SV Tuebingen"]
[Site "?"]
[Date "2003.01.26"]
[Round "5.7"]
[White "Koppenhoefer, Bernhard"]
[Black "Diaz, Eduardo"]
[Result "1/2-1/2"]
[WhiteElo "2008"]
[BlackElo "2048"]
[PlyCount "110"]
[EventDate "2003.??.??"]

1. d4 Nf6 2. Bg5 e6 3. Nf3 Be7 4. e3 O-O 5. Bd3 h6 6. Bh4 d5 7. O-O Nbd7 8.
Nbd2 c6 9. c4 Ne8 10. Bxe7 Qxe7 11. e4 Nd6 12. exd5 cxd5 13. c5 Ne8 14. b4 a5
15. a3 f5 16. Re1 g5 17. Ne5 Nxe5 18. Rxe5 Ng7 19. bxa5 Rxa5 20. Qb3 Qc7 21.
Ree1 g4 22. Qb6 Qxb6 23. cxb6 Ra4 24. Nb3 Kf7 25. Bb5 Ra8 26. a4 Rd8 27. Rec1
Ne8 28. Bxe8+ Kxe8 29. Rc7 Rd6 30. a5 Rd7 31. Rac1 Kd8 32. Rxd7+ Kxd7 33. Rc7+
Kd6 34. f4 gxf3 35. gxf3 e5 36. Rh7 exd4 37. f4 Kc6 38. Rxh6+ Kb5 39. Nxd4+ Kc4
40. Nf3 Rxa5 41. Ne5+ Kd4 42. Rh8 Rc5 43. Kf2 Ke4 44. Re8 Rc3 45. Ng6+ Kd4 46.
Ne7 Be6 47. Rd8 Kc5 48. Rf8 d4 49. Rf6 Rc2+ 50. Ke1 Bc4 51. Rxf5+ Kxb6 52. Nd5+
Bxd5 53. Rxd5 Rxh2 54. Rxd4 Rh4 55. Kd2 Kc5 1/2-1/2

[Event "Stuttgarter SF II-SV Tuebingen"]
[Site "?"]
[Date "2003.01.26"]
[Round "5.8"]
[White "Hoeschele, Hans Ulrich"]
[Black "Funke, Detlev"]
[Result "1-0"]
[WhiteElo "2042"]
[BlackElo "2113"]
[PlyCount "67"]
[EventDate "2003.??.??"]

1. Nf3 Nf6 2. d4 e6 3. g3 b6 4. Bg2 Bb7 5. O-O Be7 6. c4 c5 7. e3 O-O 8. Nc3
cxd4 9. exd4 d5 10. cxd5 Nxd5 11. Re1 Nd7 12. Bd2 Nxc3 13. bxc3 Nf6 14. Qc2 Rc8
15. Qd3 Bd5 16. a4 Qc7 17. Ne5 Bxg2 18. Kxg2 Nd7 19. a5 Rfd8 20. Qf3 Bf6 21.
axb6 Nxb6 22. Ng4 Be7 23. Reb1 Bd6 24. Rb5 Nd5 25. Rba5 Ra8 26. c4 Qxc4 27.
Rxa7 Rxa7 28. Rxa7 Rf8 29. Nh6+ gxh6 30. Qg4+ Kh8 31. Bxh6 Be5 32. Bxf8 Bxd4
33. Ra8 Qc6 34. Bg7# 1-0

[Event "SF Pfullingen-Post- SV Ulm"]
[Site "?"]
[Date "2003.01.26"]
[Round "5.1"]
[White "Mueller, Ralf"]
[Black "Vujic, Branimir"]
[Result "1/2-1/2"]
[WhiteElo "2279"]
[BlackElo "2256"]
[PlyCount "84"]
[EventDate "2003.??.??"]

1. e4 d5 2. exd5 Nf6 3. d4 Nxd5 4. Nf3 g6 5. Bc4 Bg7 6. h3 O-O 7. O-O Nc6 8. c3
Nb6 9. Bb3 e5 10. dxe5 Qxd1 11. Rxd1 Nxe5 12. Nxe5 Bxe5 13. Bh6 Re8 14. Nd2 Be6
15. Re1 Bxb3 16. axb3 f6 17. Ne4 Kf7 18. f4 Bd6 19. Nxd6+ cxd6 20. Rxe8 Kxe8
21. f5 gxf5 22. Ra5 Kf7 23. Be3 Nd7 24. Rb5 b6 25. Rxf5 Re8 26. Kf2 Nc5 27.
Bxc5 bxc5 28. Rh5 Rh8 29. Ke3 Ke6 30. Kd3 a5 31. g4 Rb8 32. Rxh7 Rxb3 33. Kc2
Rb8 34. Rh5 a4 35. Rf5 Rh8 36. Rf3 c4 37. Re3+ Kf7 38. Kb1 d5 39. Ka2 Rb8 40.
Rf3 Ke6 41. Re3+ Kf7 42. Rf3 Ke6 1/2-1/2

[Event "SF Pfullingen-Post- SV Ulm"]
[Site "?"]
[Date "2003.01.26"]
[Round "5.2"]
[White "Hertzog, Peter"]
[Black "Gruber, Thomas"]
[Result "1/2-1/2"]
[WhiteElo "2154"]
[BlackElo "2239"]
[PlyCount "99"]
[EventDate "2003.??.??"]

1. e4 c5 2. Nf3 e6 3. d4 cxd4 4. Nxd4 a6 5. Bd3 Qb6 6. Nb3 Qc7 7. O-O Nf6 8. f4
d6 9. Nc3 Nbd7 10. Qe2 b5 11. g4 b4 12. Nb1 d5 13. e5 Ne4 14. N1d2 Ndc5 15.
Nxc5 Bxc5+ 16. Kh1 Nxd2 17. Bxd2 Bb7 18. Rae1 Qc6 19. f5 d4+ 20. Be4 Qxe4+ 21.
Qxe4 Bxe4+ 22. Rxe4 O-O 23. Rf3 Rfd8 24. f6 Rac8 25. fxg7 Kxg7 26. Bg5 Rd7 27.
Bf6+ Kg6 28. h4 h6 29. h5+ Kh7 30. g5 hxg5 31. Rg3 Bf8 32. Rxg5 Bh6 33. Rg2 a5
34. Ree2 a4 35. Kh2 b3 36. axb3 axb3 37. Kg3 bxc2 38. Rxc2 Rxc2 39. Rxc2 d3 40.
Rc8 Bg7 41. Bxg7 Kxg7 42. Rc1 Kh6 43. Rd1 Kxh5 44. Kf4 Kg6 45. Rd2 Rb7 46. Rg2+
Kh7 47. Ke4 Rb3 48. Rd2 Kg7 49. Kd4 Rb5 50. Ke4 1/2-1/2

[Event "SF Pfullingen-Post- SV Ulm"]
[Site "?"]
[Date "2003.01.26"]
[Round "5.3"]
[White "Oberst, Thomas"]
[Black "Einwiller, Bernd"]
[Result "1-0"]
[WhiteElo "2227"]
[BlackElo "2065"]
[PlyCount "55"]
[EventDate "2003.??.??"]

1. e4 d5 2. exd5 Nf6 3. d4 Nxd5 4. c4 Nb6 5. Nf3 g6 6. Nc3 Bg7 7. c5 Nd5 8. Bc4
c6 9. Qb3 e6 10. O-O h6 11. Ne4 O-O 12. Re1 Nd7 13. Bd2 b6 14. Qa3 a5 15. b4
bxc5 16. bxc5 Qc7 17. Nd6 Qa7 18. Rab1 Rd8 19. Qa4 e5 20. Qxc6 Ne7 21. Bxf7+
Kf8 22. Qe4 Nxc5 23. dxc5 Qxc5 24. Nxc8 Raxc8 25. Bxg6 Rd6 26. Rbc1 Nxg6 27.
Rxc5 Rxc5 28. Qa8+ 1-0

[Event "SF Pfullingen-Post- SV Ulm"]
[Site "?"]
[Date "2003.01.26"]
[Round "5.4"]
[White "Banaszek, Marcin"]
[Black "Kaiser, Dieter"]
[Result "0-1"]
[WhiteElo "2134"]
[BlackElo "2280"]
[PlyCount "60"]
[EventDate "2003.??.??"]

1. c4 Nf6 2. Nc3 c5 3. g3 d5 4. cxd5 Nxd5 5. Nf3 Nc6 6. Bg2 Nc7 7. O-O e5 8. d3
Be7 9. Be3 O-O 10. a3 Be6 11. Rc1 b6 12. Qa4 Nd4 13. Nd2 Bd7 14. Qd1 Rc8 15.
Nc4 f6 16. f4 exf4 17. Bxf4 Nce6 18. e3 Nc6 19. Bd6 Kh8 20. Bxe7 Nxe7 21. Nd6
Rb8 22. Qb3 Ng5 23. Nde4 Be6 24. Qc2 Nf7 25. Rcd1 Qc7 26. Qf2 Bb3 27. Rd2 f5
28. Nb5 Qd7 29. Nec3 a6 30. d4 Rfd8 0-1

[Event "SF Pfullingen-Post- SV Ulm"]
[Site "?"]
[Date "2003.01.26"]
[Round "5.5"]
[White "Pieper, Thomas"]
[Black "Prochnow, Mario"]
[Result "1-0"]
[WhiteElo "2210"]
[BlackElo "2171"]
[PlyCount "35"]
[EventDate "2003.??.??"]

1. e4 c5 2. Nf3 e6 3. d4 cxd4 4. Nxd4 a6 5. Nc3 b5 6. Bd3 d6 7. O-O Nf6 8. Qe2
Bb7 9. a4 b4 10. Na2 e5 11. Nf5 Nc6 12. c3 d5 13. Bg5 h6 14. Bxf6 gxf6 15. exd5
Qxd5 16. Ne3 Qa5 17. Qf3 O-O-O 18. Be4 1-0

[Event "SF Pfullingen-Post- SV Ulm"]
[Site "?"]
[Date "2003.01.26"]
[Round "5.6"]
[White "Naegele, Thomas"]
[Black "Doerflinger, Josef"]
[Result "0-1"]
[WhiteElo "2165"]
[BlackElo "2239"]
[PlyCount "96"]
[EventDate "2003.??.??"]

1. e4 e5 2. Nf3 Nc6 3. Bb5 a6 4. Ba4 Nf6 5. O-O Be7 6. Re1 b5 7. Bb3 O-O 8. h3
Bb7 9. d3 d6 10. c3 Na5 11. Bc2 c5 12. Nbd2 Re8 13. d4 cxd4 14. cxd4 Rc8 15. d5
Bf8 16. Nf1 g6 17. Ng3 Bg7 18. Nh2 Nc4 19. Bd3 Nb6 20. Ng4 Nxg4 21. hxg4 Rc7
22. Nf1 f5 23. gxf5 gxf5 24. Ne3 f4 25. Nf5 Bc8 26. Qh5 Bxf5 27. Qxf5 Rf7 28.
Qh5 Nd7 29. Bd2 Nf6 30. Qh3 Bf8 31. g3 Rg7 32. Kg2 Ng4 33. Be2 Nxf2 34. Kxf2
Qb6+ 35. Kf1 Rxg3 36. Qh2 Qd4 37. Bh5 Re7 38. Bc3 Qc4+ 39. Qe2 Qc5 40. Qf2 Qc4+
41. Qe2 Qc8 42. Bf3 Reg7 43. Qf2 Qc4+ 44. Be2 Qxe4 45. Bd1 Qd3+ 46. Be2 Rg1+
47. Qxg1 Qh3+ 48. Kf2 Qe3+ 0-1

[Event "SF Pfullingen-Post- SV Ulm"]
[Site "?"]
[Date "2003.01.26"]
[Round "5.7"]
[White "Schulze, Andreas"]
[Black "Altenhof, Martin"]
[Result "0-1"]
[WhiteElo "2160"]
[BlackElo "2199"]
[PlyCount "88"]
[EventDate "2003.??.??"]

1. e4 d6 2. d4 Nf6 3. Nc3 g6 4. Nf3 Bg7 5. Be2 c5 6. dxc5 Qa5 7. O-O Qxc5 8.
Qd3 O-O 9. Nd4 Nc6 10. Nb3 Qb6 11. Bg5 Be6 12. Be3 Qd8 13. f4 Bg4 14. Rad1 Qc8
15. h3 Nb4 16. Qd2 Bxe2 17. Qxe2 Nh5 18. Qd2 Bxc3 19. bxc3 Nc6 20. Qd3 Nf6 21.
Nd4 Nd7 22. Bf2 Nc5 23. Qf3 Ne6 24. Rd2 Ng7 25. Nb3 Qe6 26. Rfd1 Qc4 27. Qd3 b5
28. Bh4 f6 29. Qf3 a5 30. Rd5 b4 31. Be1 Rfc8 32. f5 Ne5 33. Qg3 Qxe4 34. fxg6
hxg6 35. Nxa5 Nf5 36. Qf2 bxc3 37. Kh2 Qb4 38. Nb3 Rxa2 39. Nd4 Nxd4 40. R5xd4
Rc4 41. Rd5 Qb2 42. Qg3 Qxc2 43. Rxe5 dxe5 44. Rd3 Kf7 0-1

[Event "SF Pfullingen-Post- SV Ulm"]
[Site "?"]
[Date "2003.01.26"]
[Round "5.8"]
[White "Streck, Alexander"]
[Black "Stiller, Patrick"]
[Result "1-0"]
[WhiteElo "2114"]
[BlackElo "2155"]
[PlyCount "85"]
[EventDate "2003.??.??"]

1. d4 Nf6 2. c3 d5 3. Nf3 e6 4. Bg5 Be7 5. Nbd2 b6 6. e3 O-O 7. Bd3 c5 8. Ne5
Nfd7 9. Bf4 Nxe5 10. dxe5 f5 11. exf6 Bxf6 12. Ne4 Nc6 13. Nxf6+ Qxf6 14. O-O
e5 15. Bg3 Be6 16. e4 d4 17. Bb5 Rac8 18. f4 exf4 19. Rxf4 Qg6 20. Rxf8+ Kxf8
21. Qa4 Bf7 22. Rf1 Kg8 23. Qa6 Be6 24. Qa4 Qe8 25. Bd6 Qd7 26. e5 Bd5 27. Bc4
Qe6 28. Bxd5 Qxd5 29. Qa6 Re8 30. Qb7 h6 31. c4 Qe4 32. Qf7+ Kh7 33. Qxe8 d3
34. Qf7 Nd4 35. Qf2 Kg8 36. Rd1 h5 37. Qd2 Ne2+ 38. Kh1 Nf4 39. e6 Nxe6 40.
Qxd3 Qg4 41. Qd5 Kh7 42. h3 Qe2 43. Qd3+ 1-0